000 00643nam a2200277Ia 4500
005 20260324123755.0
008 008 260324s9999 xx 000 0 eng d
020 _a9780429248504
037 _aEBOOK
040 _aCRL
040 _beng
040 _cCRL
041 _2eng
041 _aeng
084 _qCRL
100 _aPeter D. Lucash
_91171602
245 0 _aMedical Practice Business Plan Workbook
260 _bTaylor and Francis
260 _c2011
365 _a
365 _b265
856 _uhttp://www.taylorfrancis.com/books/9780429248504
942 _cEBOOK
999 _c1765401
_d1765401